000 00606nam a2200133Ia 4500
008 220615s9999||||xx |||||||||||||| ||und||
020 _a9782890000000
245 0 _aOrganization of the White Matter Anatomy in the Human Brain
546 _aEnglish[eng]
650 _awhite matter||structural anatomy||functional anatomy||brain processing||neurosurgery||tractography||functional MRI||direct electrical stimulation
700 _aPetit, Laurent||Sarubbo, Silvio
856 _uhttps://www.frontiersin.org/research-topics/5680/organization-of-the-white-matter-anatomy-in-the-human-brain#articles
942 _cEB
999 _c13887
_d13887